[Event "SVR-ch MAT-I 36th"]
[Site "Idar Oberstein"]
[Date "2013.03.28"]
[Round "4"]
[White "Reifenroether, Michael"]
[Black "Barzen, Pascal"]
[Result "1/2-1/2"]
[WhiteElo "2068"]
[BlackElo "2134"]
[PlyCount "144"]
[EventDate "2013.03.23"]
[EventType "tourn"]
[EventRounds "7"]
[EventCountry "GER"]
[SourceTitle "EXT 2014"]
[Source "ChessBase"]
[SourceDate "2013.11.20"]
[SourceVersion "1"]
[SourceVersionDate "2013.11.20"]
[SourceQuality "1"]

1. d4 Nf6 2. Nf3 e6 3. c3 b6 4. Bf4 Bb7 5. e3 Be7 6. h3 0-0 7. Be2 d6 8. 0-0 Nbd7 9. a4 a6 10. Nbd2 Re8 11. Nc4 Ne4 12. Nfd2 Nxd2 13. Nxd2 e5 14. Bh2 Bf8 15. Qc2 Qe7 16. Rfd1 g6 17. Bf3 Bxf3 18. Nxf3 e4 19. Nd2 Bg7 20. Qb3 Kh8 21. a5 b5 22. Qd5 Nf6 23. Qc6 Qd7 24. Qxd7 Nxd7 25. Rac1 Nf6 26. c4 bxc4 27. Rxc4 Nd5 28. Nb1 Reb8 29. Nc3 Nxc3 30. bxc3 Ra7 31. Rc6 Kg8 32. c4 Rbb7 33. g4 Kf8 34. Rc1 Ke7 35. d5 Kd7 36. g5 Bf8 37. Rd1 Bg7 38. h4 Rb4 39. c5 dxc5 40. Rxc5 Rb5 41. Rdc1 Rxc5 42. Rxc5 f5 43. gxf6 Bxf6 44. h5 Be7 45. Rc4 Bd6 46. hxg6 Bxh2+ 47. Kxh2 hxg6 48. Rc6 Rb7 49. Rxa6 Rb5 50. Rxg6 Rxa5 51. Re6 Rxd5 52. Rxe4 Rg5 53. f4 Rg8 54. Re5 Kd6 55. e4 c5 56. Rd5+ Kc6 57. Rg5 Rh8+ 58. Kg3 c4 59. Kf3 c3 60. Ke3 c2 61. Kd2 Rh2+ 62. Kc1 Re2 63. Re5 Kd6 64. Rd5+ Kc6 65. Re5 Kd6 66. Kb2 Rf2 67. Rd5+ Ke6 68. f5+ Kf6 69. Rc5 Re2 70. Rc4 Ke5 71. Kc1 Rf2 72. Rxc2 Rf1+ 1/2-1/2

[Event "SVR-ch MTA 35th"]
[Site "Nickenich"]
[Date "2012.03.30"]
[Round "1"]
[White "Roos, Thomas"]
[Black "Reifenroether, Michael"]
[Result "1-0"]
[WhiteElo "2134"]
[BlackElo "2031"]
[PlyCount "101"]
[EventDate "2012.03.30"]
[EventType "tourn"]
[EventRounds "9"]
[EventCountry "GER"]
[SourceTitle "EXT 2013"]
[Source "ChessBase"]
[SourceDate "2012.11.22"]
[SourceVersion "1"]
[SourceVersionDate "2012.11.22"]
[SourceQuality "1"]

1. d4 c6 2. c4 d5 3. Nf3 Nf6 4. Nc3 e6 5. e3 Be7 6. Bd3 dxc4 7. Bxc4 b5 8. Bd3 a6 9. e4 Bb7 10. e5 Nd5 11. Ne4 Nd7 12. Bg5 f6 13. exf6 gxf6 14. Bh6 Qb6 15. 0-0 0-0-0 16. Qe2 Rde8 17. Rfc1 Kb8 18. a4 f5 19. Nc3 Bd6 20. Nxd5 exd5 21. Qd2 Rhg8 22. Bxf5 Nf6 23. Bf4 Qc7 24. Bxd6 Qxd6 25. axb5 cxb5 26. Ne5 Ne4 27. Qf4 Ka8 28. f3 Ng5 29. h4 Rxe5 30. dxe5 Qxe5 31. Qxe5 Nxf3+ 32. Kh1 Nxe5 33. Bxh7 Rh8 34. Rc7 Kb8 35. Re7 Ng4 36. Rf1 d4 37. Be4 Bc8 38. g3 Rd8 39. Bd3 Bb7+ 40. Kg1 Ne3 41. Rff7 Bd5 42. Rf6 Rg8 43. Rg6 Rc8 44. Rb6+ Ka8 45. Rxa6+ Kb8 46. Rb6+ Ka8 47. h5 Ng4 48. Kf1 Rc1+ 49. Ke2 Rh1 50. Rd6 Rh2+ 51. Ke1 1-0

[Event "SVR-ch MTA 34th"]
[Site "Reil"]
[Date "2011.04.22"]
[Round "8"]
[White "Reifenroether, Michael"]
[Black "Roos, Thomas"]
[Result "1/2-1/2"]
[WhiteElo "2070"]
[BlackElo "2198"]
[PlyCount "92"]
[EventDate "2011.04.15"]
[EventType "tourn"]
[EventRounds "9"]
[EventCountry "GER"]
[SourceTitle "EXT 2013"]
[Source "ChessBase"]
[SourceDate "2012.11.22"]
[SourceVersion "1"]
[SourceVersionDate "2012.11.22"]
[SourceQuality "1"]

1. d4 b5 2. Nf3 Bb7 3. Bf4 e6 4. e3 b4 5. Be2 Nf6 6. 0-0 Be7 7. a3 a5 8. axb4 axb4 9. Rxa8 Bxa8 10. c4 c5 11. Nbd2 0-0 12. dxc5 Bxc5 13. Nb3 Be7 14. Bd6 Nc6 15. Nc5 Qc8 16. Qd2 Bxd6 17. Qxd6 Rd8 18. e4 Ne8 19. Qf4 d6 20. Nd3 e5 21. Qh4 Nf6 22. b3 Qc7 23. Ra1 Bb7 24. Nd2 Ra8 25. Rxa8+ Bxa8 26. f3 Nd7 27. Qe1 Nc5 28. Nxc5 dxc5 29. Nf1 Qd6 30. Qd1 Nd4 31. Qd3 g6 32. Ne3 Bc6 33. Kf1 Bd7 34. g4 Qe7 35. Bd1 h5 36. Qd2 hxg4 37. fxg4 Qh4 38. Qf2 Qh3+ 39. Kg1 Bc6 40. Nd5 Qd3 41. Ne7+ Kf8 42. Nxg6+ Kg7 43. Qxf7+ Kh6 44. g5+ Kxg5 45. h4+ Kh6 46. Qf8+ Kxg6 1/2-1/2

[Event "SVR-ch MTA 34th"]
[Site "Reil"]
[Date "2011.04.16"]
[Round "3"]
[White "Puth, Dieter"]
[Black "Reifenroether, Michael"]
[Result "1/2-1/2"]
[WhiteElo "2184"]
[BlackElo "2070"]
[PlyCount "48"]
[EventDate "2011.04.15"]
[EventType "tourn"]
[EventRounds "9"]
[EventCountry "GER"]
[SourceTitle "EXT 2013"]
[Source "ChessBase"]
[SourceDate "2012.11.22"]
[SourceVersion "1"]
[SourceVersionDate "2012.11.22"]
[SourceQuality "1"]

1. d4 c6 2. c4 d5 3. Nf3 Nf6 4. Nc3 e6 5. e3 Be7 6. Bd3 0-0 7. 0-0 Nbd7 8. e4 dxe4 9. Nxe4 b6 10. Qe2 Bb7 11. Bg5 Re8 12. Rfe1 c5 13. Rad1 Nxe4 14. Bxe7 Qxe7 15. Bxe4 Bxe4 16. Qxe4 cxd4 17. Rxd4 Nc5 18. Qe2 Rad8 19. Red1 Rxd4 20. Rxd4 Rd8 21. Qd2 Rxd4 22. Qxd4 Qd7 23. b4 Qxd4 24. Nxd4 Nd3 1/2-1/2

[Event "SVR-ch MTA 33rd"]
[Site "Mendig"]
[Date "2010.04.01"]
[Round "7"]
[White "Dubkov, Andrej"]
[Black "Reifenroether, Michael"]
[Result "1-0"]
[WhiteElo "2303"]
[BlackElo "2026"]
[PlyCount "47"]
[EventDate "2010.03.26"]
[EventType "tourn"]
[EventRounds "9"]
[EventCountry "GER"]
[SourceTitle "EXT 2011"]
[Source "ChessBase"]
[SourceDate "2010.11.26"]
[SourceVersion "1"]
[SourceVersionDate "2010.11.26"]
[SourceQuality "1"]

1. e4 c6 2. c4 d5 3. exd5 cxd5 4. cxd5 Qxd5 5. Nc3 Qd8 6. Nf3 Nf6 7. Bc4 e6 8. d4 Be7 9. 0-0 0-0 10. Qe2 Nbd7 11. Rd1 Nb6 12. Bb3 Nbd5 13. Ne5 Bd7 14. Rd3 Rc8 15. Rg3 Kh8 16. Rh3 Be8 17. Bc2 g6 18. Bh6 Rg8 19. Rd1 Qd6 20. Bb3 Bf8 21. Bg5 Bg7 22. Qf3 Rc7 23. Bxd5 Rxc3 24. bxc3 1-0

[Event "SVR-ch MTB 31th"]
[Site "Idar Oberstein"]
[Date "2008.03.14"]
[Round "1"]
[White "Reifenroether, Michael"]
[Black "Zirwes, Hans Juergen"]
[Result "1-0"]
[WhiteElo "2027"]
[BlackElo "1984"]
[PlyCount "129"]
[EventDate "2008.03.14"]
[EventType "tourn"]
[EventRounds "9"]
[EventCountry "GER"]
[SourceTitle "EXT 2009"]
[Source "ChessBase"]
[SourceDate "2008.11.26"]
[SourceVersion "1"]
[SourceVersionDate "2008.11.26"]
[SourceQuality "1"]

1. d4 d5 2. Nf3 Nf6 3. c4 c6 4. Nc3 e6 5. e3 Nbd7 6. Qc2 a6 7. a4 Bd6 8. Be2 Qc7 9. c5 Be7 10. 0-0 e5 11. b4 b6 12. cxb6 Nxb6 13. dxe5 Ng4 14. a5 Nc4 15. Bxc4 dxc4 16. Ne4 Nxe5 17. Nxe5 Qxe5 18. Bb2 Qb5 19. Bxg7 Rg8 20. Bc3 Bf5 21. Rfd1 h5 22. f3 Rg6 23. Qe2 Bxe4 24. fxe4 Qg5 25. Ra2 c5 26. Rd5 Qg4 27. Qxg4 Rxg4 28. bxc5 Rxe4 29. Kf2 Rc8 30. Bd4 h4 31. Rc2 Bd8 32. Rxc4 Bxa5 33. Ra4 Bc7 34. Rxa6 Bxh2 35. Rh6 Bg3+ 36. Kf3 Rxd4 37. exd4 Ke7 38. Ra6 Rb8 39. Ra2 Kf6 40. c6 Ke6 41. Rd7 Rb3+ 42. Ke2 Bd6 43. Rc2 Rb8 44. Rb7 Rc8 45. Kd3 Bc7 46. Kc4 Kd6 47. Kb5 Ra8 48. Rf2 Ra5+ 49. Kb4 Rg5 50. Rxf7 Ba5+ 51. Kc4 Kxc6 52. Rg7 Rxg2 53. d5+ Kd6 54. Rxg2 Ke5 55. Rh7 Bd8 56. Rh2 Bg5 57. R2xh4 Bd8 58. R4h5+ Kf4 59. Rf7+ Ke3 60. Re5+ Kd2 61. Rf2+ Kd1 62. Rh5 Ba5 63. Rh1+ Be1 64. Ra2 Kc1 65. Rxe1# 1-0

[Event "SVR-ch MTA 30th"]
[Site "Nickenich"]
[Date "2007.04.06"]
[Round "8"]
[White "Reifenroether, Michael"]
[Black "Thieme Garmann, Alexander"]
[Result "1/2-1/2"]
[WhiteElo "2032"]
[BlackElo "2160"]
[PlyCount "87"]
[EventDate "2007.03.30"]
[EventType "tourn"]
[EventRounds "9"]
[EventCountry "GER"]
[SourceTitle "EXT 2009"]
[Source "ChessBase"]
[SourceDate "2008.11.26"]
[SourceVersion "1"]
[SourceVersionDate "2008.11.26"]
[SourceQuality "1"]

1. e4 d5 2. exd5 Nf6 3. d4 Nxd5 4. Nf3 g6 5. c3 Bg7 6. Bd3 0-0 7. 0-0 Bg4 8. h3 Bxf3 9. Qxf3 Nc6 10. Bc4 e6 11. Bxd5 exd5 12. Bf4 Re8 13. Nd2 Qd7 14. Qd3 Re6 15. Rfe1 Rae8 16. Nf3 Rxe1+ 17. Rxe1 Rxe1+ 18. Nxe1 Nd8 19. Qe3 Ne6 20. Bg3 Qa4 21. a3 Qd1 22. Kh2 Qh5 23. Qf3 Qxf3 24. Nxf3 Bh6 25. Ne5 f6 26. Nd3 Kf7 27. Kg1 Ke7 28. Kf1 Kd7 29. Ke2 b6 30. b4 a6 31. Kd1 Bf8 32. Bh4 Be7 33. f3 c6 34. Bf2 Nc7 35. a4 b5 36. a5 Ne6 37. Bg3 Ng7 38. Ke2 Nf5 39. Bh2 g5 40. g4 Nh6 41. Bg3 Nf7 42. Kf2 Nd8 43. Bh2 Ne6 44. Bg3 1/2-1/2

[Event "SVR-ch MTB 29th"]
[Site "Koblenz"]
[Date "2006.04.14"]
[Round "8"]
[White "Reifenroether, Michael"]
[Black "Hastrich, Julian"]
[Result "1/2-1/2"]
[WhiteElo "1987"]
[BlackElo "2104"]
[PlyCount "26"]
[EventDate "2006.04.07"]
[EventType "tourn"]
[EventRounds "9"]
[EventCountry "GER"]
[SourceTitle "EXT 2009"]
[Source "ChessBase"]
[SourceDate "2008.11.26"]
[SourceVersion "1"]
[SourceVersionDate "2008.11.26"]
[SourceQuality "1"]

1. d4 d5 2. Nf3 c6 3. Bf4 Bf5 4. c3 Nf6 5. e3 e6 6. Nbd2 Be7 7. Be2 0-0 8. Ne5 Nfd7 9. Ndf3 Nxe5 10. Nxe5 Nd7 11. Qb3 Nxe5 12. Bxe5 Qb6 13. Qxb6 axb6 1/2-1/2

[Event "Koblenz-ch"]
[Site "Koblenz"]
[Date "2004.11.02"]
[Round "5"]
[White "Reifenroether, Michael"]
[Black "Moors, Marco"]
[Result "1-0"]
[WhiteElo "1896"]
[BlackElo "1763"]
[PlyCount "61"]
[EventDate "2004.09.21"]
[EventType "swiss"]
[EventRounds "7"]
[EventCountry "GER"]
[SourceTitle "EXT 2005"]
[Source "ChessBase"]
[SourceDate "2004.11.15"]
[SourceVersion "1"]
[SourceVersionDate "2004.11.15"]
[SourceQuality "1"]

1. e4 c6 2. d4 d5 3. exd5 cxd5 4. Bd3 Nc6 5. c3 Nf6 6. Bf4 e6 7. Nf3 Bd6 8. Bxd6 Qxd6 9. 0-0 0-0 10. Qe2 a6 11. a4 Qf4 12. Re1 Nd7 13. Qc2 h6 14. Nbd2 e5 15. dxe5 Ndxe5 16. Re3 Ng4 17. Re2 Nce5 18. Rae1 Nxd3 19. Qxd3 Be6 20. h3 Nf6 21. Nd4 Rfe8 22. N2b3 Bd7 23. Rxe8+ Rxe8 24. Rxe8+ Bxe8 25. a5 Ne4 26. f3 Qg3 27. Qe2 Nf6 28. Nc5 Qc7 29. b4 g6 30. Qe3 Kg7 31. Nce6+ 1-0

[Event "Rheinland-ch MAT A"]
[Site "Koblenz"]
[Date "2003.04.12"]
[Round "3"]
[White "Bilitza, Alwin"]
[Black "Reifenroether, Michael"]
[Result "1-0"]
[WhiteElo "2021"]
[BlackElo "1833"]
[PlyCount "63"]
[EventDate "2003.04.11"]
[EventType "tourn"]
[EventRounds "9"]
[EventCountry "GER"]
[SourceTitle "EXT 2004"]
[Source "ChessBase"]
[SourceDate "2003.11.25"]
[SourceVersion "1"]
[SourceVersionDate "2003.11.25"]
[SourceQuality "1"]

1. f4 d5 2. Nf3 Nf6 3. b3 c5 4. e3 Bf5 5. Bb2 e6 6. Bb5+ Nc6 7. Ne5 Qc7 8. 0-0 h5 9. h3 Bd6 10. d3 Bxe5 11. Bxe5 Qe7 12. Nd2 0-0-0 13. Bxc6 bxc6 14. Qf3 Nd7 15. Bc3 Rh6 16. e4 Bh7 17. exd5 cxd5 18. Rae1 Re8 19. Rf2 Bf5 20. Nf1 Qd6 21. Ne3 Rg8 22. Nxf5 exf5 23. Be5 Qc6 24. Bb2 d4 25. Qd1 Nf6 26. c3 g5 27. cxd4 gxf4 28. Re5 Nd5 29. Qf3 Ne3 30. Rxc5 Qxc5 31. dxc5 Rhg6 32. Qa8+ 1-0